000 01468nam a22002777a 4500
001 EPSA 0275
003 gtcocun
005 20250919162646.0
006 a||||gr|||| 00| 0
007 ta
008 250919b2024 gt ||||| m||| 00| 0 eng d
040 _agtcocun
_bSPA
_cgtcocun
_eRDA
041 _aSPA EPSA 0275
084 _0EPSA 0275
100 _aGlenda Celesthe Pereira Rax
_eAutor
245 _aINFORME FINAL DEL EJERCICIO PROFESIONAL SUPERVISADO, REALIZADO EN LA COORDINACIÓN DE LA CARRERA DE ADMINISTRACIÓN DE EMPRESAS DEL CENTRO UNIVERSITARIO DEL NORTE CUNOR DE LA CIUDAD DE COBÁN, ALTA VERAPAZ/
_cGlenda Celesthe Pereira Rax.
_hImpreso
264 _aCobán, Alta Verapaz:
_bUniversidad de San Carlos de Guatemala, Centro Universitario del Norte, Licenciatura en Administración de Empresas
_c2024
300 _a78 p.:
_bIlustraciones, gráficas.
_c28 cm;
502 _eEPSA 0275
502 _aEjercicio Profesional Supervisado
_bLicenciatura en Administración Educativa,
_cUniversidad de San Carlos de Guatemala, Centro Universitario del Norte, Licenciatura en Administración Educativa
_d2024
_oEPSA 0275
650 1 4 _2LEMB
_aCobán, Alta Verapaz
_xAdministración
_xAnálisis
_xUnidad de práctica
_xProcesos
_xDatos
_xSituación
700 _aM.A. Erick Jerónimo Milián Santa Cruz
_eAsesor
856 _uSin archivo en línea.
_zSin archivo en línea.
942 _2ddc
_cTES
_iEPSA 0275
_kClasificación
_n0
_6EPSA_0275_000000000000000
999 _c1979
_d1979